000 00283nam a2200121 a 4500
008 100917s1977|||| d
245 1 0 _aJennie Gerhardtová 2
100 1 _aDreiser, Theodore
260 _aBratislava
_bTatran
_c1977
020 _c95
044 _axo
_cSK
041 _aslo
999 _c10458
_d10458